000 00649nam a22001697a 4500
999 _c63376
_d63376
003 Ge_BSU
005 20250926160626.0
008 250926s1977 ge ||||| |||| 00| 0 geo d
041 _ageo
080 _a331.101.232(47+57) + 396(47+57) გ-12
100 _aგაბაიძე, ი.
_925886
245 _aქალის შრომა საბჭოთა კავშირში /
_cი. გაბაიძე.
264 _aბათუმი :
_bსაბჭ. აჭარა,
_c1977.
300 _a55 გვ. ;
_b17 სმ.
653 _aქალთა შრომა სსრ კავშირში.
942 _2udc
_cᲬᲘᲒᲜᲘ